LEADER 01028nam a2200253 i 4500 001 991001399639707536 005 20020507192751.0 008 951107s1993 it ||| | ita d 035 $ab10842251-39ule_inst 035 $aLE01311698$9ExL 040 $aDip.to Matematica$beng 082 0 $a512.94 084 $aAMS 12E12 100 1 $aDe Giorgi, Gabriella$0537063 245 10$aSulla risoluzione delle equazioni algebriche. Tesi di laurea /$claureanda Gabriella De Giorgi ; relat. Giuseppe Micelli 260 $aLecce :$bUniversità degli studi. Facoltà di Scienze. Corso di laurea in Matematica,$ca.a. 1993-94 650 0$aEquations 700 1 $aMicelli, Giuseppe 907 $a.b10842251$b19-01-17$c28-06-02 912 $a991001399639707536 945 $aLE013 TES 1993/94 DEG2$g1$i2013000041872$lle013$o-$pE0.00$q-$rl$s- $t0$u0$v0$w0$x0$y.i10952342$z28-06-02 996 $aSulla risoluzione delle equazioni algebriche. Tesi di laurea$9918915 997 $aUNISALENTO 998 $ale013$b01-01-95$cm$da $e-$feng$git $h0$i1